000 00663nam a22001937a 4500
003 OSt
005 20240621015831.0
008 240621b |||||||| |||| 00| 0 eng d
020 _a9711019086
040 _aDWC- Main Lib
_cOC
082 _aFil. 615.321 D365m 2004
100 _aDe Guzman - Landion , Herminia
245 _aMga halaman- kahanga hangang:
_bgabay sa mabisang pag gamit ng mga halamang gamot. /
_cHerminia De Guzman - Landion .
260 _a- Manila, Philippines :
_bPhilippine Publishing ,
_cc2004.
300 _a157 pages :
_bcolor illustrations ;
_c23cm.
650 _a1. Medical plants
650 _a 2. Philippines
942 _2ddc
_cBK - FIL
_n1
999 _c1041
_d1041